Normal view MARC view
  • Madisetti, V.

Entry Personal Name

Number of records used in: 4

001 - CONTROL NUMBER

  • control field: 3681

003 - CONTROL NUMBER IDENTIFIER

  • control field: NUST

005 - DATE AND TIME OF LATEST TRANSACTION

  • control field: 20170731134650.0

008 - FIXED-LENGTH DATA ELEMENTS

  • fixed length control field: 170731|| aca||aabn | a|a d

040 ## - CATALOGING SOURCE

  • Original cataloging agency: NUST
  • Transcribing agency: NUST

100 ## - HEADING--PERSONAL NAME

  • Personal name: Madisetti, V.
  • Fuller form of name: (Vijay).

670 ## - SOURCE DATA FOUND

  • Source citation: Work cat.: (NUST)0: Bahga, Arshdeep. 3679, Internet of things :
© 2023 Central Library, National University of Sciences and Technology. All Rights Reserved.